Biggest Cities in Myanmar - Statistics

General Stats
  • This quiz has been taken 122 times
  • The average score is 5 of 14
Answer Stats
Population City % Correct
4,728,524 Yangon
97%
333,506 Naypyidaw
93%
1,225,546 Mandalay
89%
254,424 Bago
46%
169,773 Pathein
29%
265,804 Taunggyi
27%
174,335 Lashio
26%
134,861 Pyay
26%
115,141 Myeik
22%
207,489 Monywa
21%
243,031 Myitkyina
19%
158,783 Pyin Oo Lwin
10%
253,734 Mawlanyine
9%
130,506 Kalay
8%
No matching quizzes found
Score Distribution
Percent of People with Each Score
Percentile by Number Answered
Your Score History
You have not taken this quiz